[Event "Aeroflot Open Rapid KO"]
[Site "Moscow RUS"]
[Date "2013.02.15"]
[Round "2.3"]
[White "Sjugirov, Sanan"]
[Black "Iturrizaga, Eduardo"]
[Result "1-0"]
[WhiteTitle "GM"]
[BlackTitle "GM"]
[WhiteElo "2646"]
[BlackElo "2646"]
[WhiteFideId "4189302"]
[BlackFideId "3901211"]
[EventDate "2013.02.15"]

1. d4 Nf6 2. c4 e6 3. Nf3 b6 4. g3 Bb7 5. Bg2 Be7 6. O-O O-O 7. Nc3 Ne4 8. Bd2
Bf6 9. Ne5 Nxc3 10. Bxc3 Bxg2 11. Kxg2 d5 12. Ng4 Be7 13. Qa4 c6 14. Ne5 dxc4
15. Qxc4 Qd5+ 16. f3 f6 17. e4 Qxc4 18. Nxc4 Nd7 19. Rfd1 Rfd8 20. Rac1 Rac8 21.
Ne3 Kf7 22. Kf1 g6 23. Ke2 Bf8 24. Rc2 Bh6 25. Ng4 Bg7 26. Ne3 Bh6 27. Nc4 Bf8
28. Be1 c5 29. d5 exd5 30. Rxd5 Nb8 31. Rcd2 Nc6 32. Bf2 Ke6 33. a4 Be7 34. g4
Nb4 35. Rxd8 Rxd8 36. Be3 Rxd2+ 37. Bxd2 Nc6 38. Bc3 f5 39. exf5+ gxf5 40. Kd3
fxg4 41. fxg4 Bd8 42. Ke4 Bc7 43. h4 Ne7 44. Ne3 a6 45. Nf5 Nc6 46. Ng7+ Kf7 47.
Nf5 Ke6 48. h5 b5 49. axb5 axb5 50. g5 b4 51. Bf6 c4 52. Bh8 Bd8 53. g6 hxg6 54.
hxg6 Bf6 55. g7 Bxg7 56. Bxg7 c3 57. b3 Kd7 58. Kd5 Na5 59. Nd4 Kc7 60. Bf8 c2
61. Bh6 Kb6 62. Bd2 Nxb3 63. Nxb3 Kb5 64. Bc1 Ka4 65. Nc5+ Kb5 66. Kd4 b3 67.
Nxb3 Kb4 68. Na1 Kb5 69. Nxc2 Kc6 70. Bf4 Kb5 71. Kd5 Kb6 72. Nd4 Kb7 73. Kc5
Kc8 74. Kc6 Kd8 75. Kd6 Kc8 76. Nb5 Kb7 77. Be3 Kc8 78. Nc7 Kb7 79. Kd7 Kb8 80.
Kc6 Kc8 81. Ba7 Kd8 82. Nd5 Ke8 83. Kd6 Kf7 84. Ne7 Kf6 85. Be3 Kf7 86. Bd4 Ke8
87. Ke6 Kd8 88. Bb6+ Ke8 89. Nf5 Kf8 90. Ba5 Ke8 91. Ng7+ Kf8 92. Kf6 Kg8 93.
Bb4 Kh7 94. Nf5 Kg8 95. Kg6 Kh8 96. Bc5 1-0